Then giải hạn của người Thái Trắng ở thị xã Mường Lay tỉnh Điện Biên

Nội dung sách giới thiệu về Then và nghi lễ Then giải hạn của người Thái Trắng. Văn bản Then giải hạn bằng tiếng Thái và tiếng Việt.

Đã lưu trong:
Sonraí Bibleagrafaíochta
Príomhúdar: Nguyễn, Thị Yến
Formáid: Leabhar
Teanga:Undetermined
Foilsithe: Hà Nội Văn hóa Dân tộc 2016
Ábhair:
Clibeanna: Cuir Clib Leis
Gan Chlibeanna, Bí ar an gcéad duine leis an taifead seo a chlibeáil!
Thư viện lưu trữ: Trung tâm Học liệu Trường Đại học Cần Thơ
LEADER 00881nam a2200205Ia 4500
001 CTU_225706
008 210402s9999 xx 000 0 und d
082 |a 781.6295922 
082 |b Y603 
100 |a Nguyễn, Thị Yến 
245 0 |a Then giải hạn của người Thái Trắng ở thị xã Mường Lay tỉnh Điện Biên 
245 0 |c Nguyễn Thị Yến, Vàng Thị Ngoạn 
260 |a Hà Nội 
260 |b Văn hóa Dân tộc 
260 |c 2016 
520 |a Nội dung sách giới thiệu về Then và nghi lễ Then giải hạn của người Thái Trắng. Văn bản Then giải hạn bằng tiếng Thái và tiếng Việt. 
650 |a Nhạc dân gian,Folk music 
650 |z Việt Nam,Vietnam 
910 |b dqhieu 
980 |a Trung tâm Học liệu Trường Đại học Cần Thơ